[Event "BCF-ch rapidplay 34th"]
[Site "Bingley"]
[Date "2023.04.15"]
[Round "5"]
[White "Fava, Lorenzo"]
[Black "Walker, David John"]
[Result "0-1"]
[WhiteElo "2107"]
[BlackElo "2254"]
[PlyCount "74"]
[EventDate "2023.04.15"]
[EventType "swiss (rapid)"]
[EventRounds "11"]
[EventCountry "ENG"]
[SourceTitle "CBM 213 Extra"]
[Source "ChessBase"]
[SourceDate "2023.05.31"]
[SourceVersion "1"]
[SourceVersionDate "2023.05.31"]
[SourceQuality "1"]

1. d4 Nf6 2. Bf4 d5 3. e3 c5 4. Nf3 Nc6 5. c3 e6 6. Nbd2 cxd4 7. exd4 Nh5 8. Be3 Bd6 9. Ne5 g6 10. Ndf3 0-0 11. Bd3 f6 12. Nxc6 bxc6 13. g4 Nf4 14. Bxf4 Bxf4 15. Qc2 e5 16. Be2 Qe7 17. dxe5 fxe5 18. Nd2 Qh4 19. 0-0-0 Bxg4 20. Bxg4 Qxg4 21. Kb1 Qf5 22. Nb3 Qxc2+ 23. Kxc2 Rf6 24. Nc5 e4 25. Nb3 Raf8 26. Na5 Bc7 27. Nb3 Rxf2+ 28. Kb1 Rxh2 29. Nd4 Rxh1 30. Rxh1 Rf6 31. c4 Be5 32. Nc2 d4 33. Re1 Bg3 34. Rd1 c5 35. b4 e3 36. bxc5 e2 37. Rxd4 Rf1+ 0-1

[Event "BCF-chT2 2223 (4NCL)"]
[Site "England"]
[Date "2023.01.15"]
[Round "4.42"]
[White "Olson, Hamish"]
[Black "Walker, David John"]
[Result "1/2-1/2"]
[WhiteElo "2304"]
[BlackElo "2244"]
[PlyCount "123"]
[EventDate "2022.10.22"]
[EventType "team-tourn"]
[EventRounds "11"]
[EventCountry "ENG"]
[SourceTitle "EXT 2024"]
[Source "ChessBase"]
[SourceDate "2023.10.10"]
[SourceVersion "1"]
[SourceVersionDate "2023.10.10"]
[SourceQuality "1"]
[WhiteTeam "Alba"]
[BlackTeam "North East England"]
[WhiteTeamCountry "ENG"]
[BlackTeamCountry "ENG"]

1. Nf3 d5 2. g3 c6 3. Bg2 Bg4 4. h3 Bh5 5. 0-0 Nd7 6. d4 Ngf6 7. Nbd2 e6 8. Re1 Be7 9. e4 dxe4 10. Nxe4 Nxe4 11. Rxe4 0-0 12. c3 Qc7 13. Bf4 Bd6 14. Bxd6 Qxd6 15. Qb3 Bxf3 16. Bxf3 Nf6 17. Re2 Qc7 18. Kg2 b6 19. Qc4 Rac8 20. a4 c5 21. a5 cxd4 22. Qxd4 Rfd8 23. Qe5 Qe7 24. Qb5 Qc7 25. Ra4 h6 26. Rb4 Rd6 27. h4 Qd8 28. axb6 axb6 29. Qa6 Rc5 30. Rb5 Rxb5 31. Qxb5 Qc7 32. Re1 Rd2 33. Ra1 Qc5 34. Ra8+ Kh7 35. Qxc5 bxc5 36. Rb8 e5 37. Kf1 e4 38. Ke1 Rd5 39. Bd1 Re5 40. Rb7 Kg6 41. Bb3 Nd5 42. Rd7 Ne7 43. Kd2 f6 44. Bc4 h5 45. b4 cxb4 46. cxb4 Nf5 47. b5 e3+ 48. fxe3 Nxg3 49. b6 Ne4+ 50. Ke2 Nc5 51. Rc7 Kh6 52. Rxc5 Rxc5 53. b7 Rxc4 54. b8Q Rxh4 55. Kf3 Rg4 56. e4 Rg5 57. Qh8+ Kg6 58. Kf4 Re5 59. Qa8 Rg5 60. Qa2 Re5 61. Qc2 Kf7 62. Qc7+ 1/2-1/2

[Event "BCF-chT2 2223 (4NCL)"]
[Site "England"]
[Date "2023.01.14"]
[Round "3.32"]
[White "Walker, David John"]
[Black "Taylor, Martin R"]
[Result "1/2-1/2"]
[WhiteElo "2244"]
[BlackElo "2351"]
[PlyCount "151"]
[EventDate "2022.10.22"]
[EventType "team-tourn"]
[EventRounds "11"]
[EventCountry "ENG"]
[SourceTitle "EXT 2024"]
[Source "ChessBase"]
[SourceDate "2023.10.10"]
[SourceVersion "1"]
[SourceVersionDate "2023.10.10"]
[SourceQuality "1"]
[WhiteTeam "North East England"]
[BlackTeam "Barbican"]
[WhiteTeamCountry "ENG"]
[BlackTeamCountry "ENG"]

1. c4 f5 2. g3 Nf6 3. Bg2 g6 4. d3 d6 5. e4 Nc6 6. Ne2 Bg7 7. 0-0 0-0 8. Nbc3 e5 9. Nd5 Be6 10. Bg5 Qd7 11. Qd2 Nh5 12. exf5 Bxf5 13. b4 Rae8 14. b5 Nd8 15. a4 Nf7 16. Be3 c6 17. Nb4 e4 18. d4 Bh3 19. bxc6 bxc6 20. Bxh3 Qxh3 21. Nxc6 Nf6 22. Nf4 Qd7 23. d5 Ng5 24. Nd4 Nf3+ 25. Nxf3 exf3 26. Ra3 Ne4 27. Qd3 Ng5 28. Ne6 Nxe6 29. dxe6 Rxe6 30. Rd1 Re5 31. Qf1 Qc6 32. Bxa7 Re2 33. Bd4 Qxc4 34. Bxg7 Kxg7 35. a5 Qb5 36. Rxf3 Rfe8 37. Kg2 Qxa5 38. Rxd6 Qa8 39. Qd1 R2e7 40. Qd4+ Kg8 41. Qc4+ Kg7 42. Rdf6 Qe4 43. Rf7+ Rxf7 44. Qxf7+ Kh8 45. h4 Qe7 46. Qf4 Qb7 47. Kh2 Qg7 48. Qg5 h5 49. Rf6 Kh7 50. Qf4 Re7 51. Kh3 Ra7 52. Qg5 Rf7 53. Rxf7 Qxf7 54. Qe3 Qb7 55. f3 Qd5 56. g4 hxg4+ 57. fxg4 Qb7 58. g5 Qd7+ 59. Kg3 Qf5 60. Qf3 Qe5+ 61. Kg2 Kg7 62. Qb7+ Kg8 63. Qc8+ Kg7 64. Qd7+ Kg8 65. Kf3 Qc3+ 66. Ke4 Qc4+ 67. Ke5 Qxh4 68. Kf6 Qf4+ 69. Kxg6 Qe4+ 70. Qf5 Qxf5+ 71. Kxf5 Kf7 72. g6+ Kg7 73. Kg5 Kg8 74. Kf6 Kf8 75. g7+ Kg8 76. Kg6 1/2-1/2

[Event "ECF Charity Marathon UKR"]
[Site "Chess.com INT"]
[Date "2022.04.03"]
[Round "?"]
[White "Walker, David John"]
[Black "Rizvi, Nasir"]
[Result "1-0"]
[WhiteElo "2271"]
[BlackElo "1984"]
[PlyCount "61"]
[EventDate "2022.04.02"]
[EventType "swiss (blitz)"]
[EventRounds "74"]
[EventCountry "USA"]
[SourceTitle "CBM 207 Extra"]
[Source "ChessBase"]
[SourceDate "2022.05.31"]
[SourceVersion "1"]
[SourceVersionDate "2022.05.31"]
[SourceQuality "1"]

1. c4 g6 2. Nc3 Bg7 3. d4 Nf6 4. g3 0-0 5. Bg2 d6 6. Nf3 c6 7. 0-0 Qa5 8. h3 Qh5 9. g4 Bxg4 10. hxg4 Nxg4 11. Ne4 Nd7 12. Ng3 Qa5 13. Bd2 Qc7 14. Bc3 Rae8 15. e4 e5 16. d5 c5 17. Bh3 h5 18. Bxg4 hxg4 19. Ng5 Nf6 20. Kg2 Bh6 21. Bd2 Bxg5 22. Bxg5 Nh7 23. Bh6 f5 24. Bxf8 Rxf8 25. f4 Qg7 26. Qe2 fxe4 27. fxe5 Qxe5 28. Rxf8+ Kxf8 29. Rf1+ Kg7 30. Nxe4 Ng5 31. Ng3 1-0

[Event "ECF Charity Marathon UKR"]
[Site "Chess.com INT"]
[Date "2022.04.03"]
[Round "?"]
[White "Walker, David John"]
[Black "Vleeshhouwer, Douglas"]
[Result "1-0"]
[WhiteElo "2271"]
[BlackElo "1980"]
[PlyCount "61"]
[EventDate "2022.04.02"]
[EventType "swiss (blitz)"]
[EventRounds "74"]
[EventCountry "USA"]
[SourceTitle "CBM 207 Extra"]
[Source "ChessBase"]
[SourceDate "2022.05.31"]
[SourceVersion "1"]
[SourceVersionDate "2022.05.31"]
[SourceQuality "1"]

1. c4 e5 2. Nc3 Nc6 3. e3 Nf6 4. Nf3 Bb4 5. Qc2 0-0 6. Nd5 Bc5 7. a3 a5 8. Bd3 e4 9. Nxf6+ Qxf6 10. Bxe4 g6 11. d4 Be7 12. 0-0 Re8 13. b3 Bf8 14. Bb2 Bg7 15. Rab1 Qe7 16. Bd3 Nd8 17. e4 d6 18. h3 h5 19. Rfe1 g5 20. e5 Bd7 21. exd6 Qxd6 22. Rxe8+ Bxe8 23. Re1 Ne6 24. d5 Nf4 25. Bxg7 Kxg7 26. Qb2+ f6 27. Bf1 Kh6 28. g3 Ng6 29. Re6 Qd8 30. Rxf6 Bd7 31. Ne5 1-0

[Event "ECF Charity Marathon UKR"]
[Site "Chess.com INT"]
[Date "2022.04.02"]
[Round "?"]
[White "Bates, Richard"]
[Black "Walker, David John"]
[Result "1-0"]
[WhiteElo "2356"]
[BlackElo "2271"]
[PlyCount "45"]
[EventDate "2022.04.02"]
[EventType "swiss (blitz)"]
[EventRounds "74"]
[EventCountry "USA"]
[SourceTitle "CBM 207 Extra"]
[Source "ChessBase"]
[SourceDate "2022.05.31"]
[SourceVersion "1"]
[SourceVersionDate "2022.05.31"]
[SourceQuality "1"]

1. d4 Nf6 2. Nf3 e6 3. c4 d5 4. Nc3 Be7 5. Bg5 h6 6. Bh4 0-0 7. cxd5 exd5 8. Qc2 Na6 9. e3 Nb4 10. Qb3 Bf5 11. Rc1 a5 12. a3 Nd3+ 13. Bxd3 Bxd3 14. Bxf6 Bxf6 15. Nxd5 Be4 16. Nxf6+ Qxf6 17. Rxc7 Rac8 18. Qc3 Rxc7 19. Qxc7 Bxf3 20. gxf3 Qxf3 21. Rg1 Re8 22. Qg3 Qd5 23. Qxg7# 1-0

[Event "English Online Blitz Gp1"]
[Site "Chess.com INT"]
[Date "2020.05.09"]
[Round "6"]
[White "Walker, David John"]
[Black "Adair, James R"]
[Result "0-1"]
[WhiteElo "2271"]
[BlackElo "2450"]
[PlyCount "46"]
[EventDate "2020.05.09"]
[EventType "swiss (blitz)"]
[EventRounds "11"]
[EventCountry "ENG"]
[SourceTitle "CBM 196 Extra"]
[Source "ChessBase"]
[SourceDate "2020.07.31"]
[SourceVersion "1"]
[SourceVersionDate "2020.07.31"]
[SourceQuality "1"]

1. c4 e5 2. Nc3 Nf6 3. Nf3 Nc6 4. e3 Bb4 5. Qc2 Bxc3 6. Qxc3 Qe7 7. d4 e4 8. Nd2 d5 9. b3 0-0 10. a4 a5 11. Ba3 Nb4 12. Be2 c6 13. 0-0 Bg4 14. f3 Bh5 15. Rae1 Rfe8 16. fxe4 Bxe2 17. Rxe2 Nxe4 18. Nxe4 dxe4 19. Ref2 f6 20. Rf5 b6 21. R1f4 c5 22. Bxb4 axb4 23. d5 bxc3 0-1

[Event "English Online Blitz Gp1"]
[Site "Chess.com INT"]
[Date "2020.05.09"]
[Round "10"]
[White "Walker, David John"]
[Black "Dunn, Maxim"]
[Result "1-0"]
[WhiteElo "2271"]
[BlackElo "1729"]
[PlyCount "39"]
[EventDate "2020.05.09"]
[EventType "swiss (blitz)"]
[EventRounds "11"]
[EventCountry "ENG"]
[SourceTitle "CBM 196 Extra"]
[Source "ChessBase"]
[SourceDate "2020.07.31"]
[SourceVersion "1"]
[SourceVersionDate "2020.07.31"]
[SourceQuality "1"]

1. c4 Nf6 2. Nc3 g6 3. g3 d5 4. cxd5 Nxd5 5. Bg2 Nxc3 6. bxc3 Bg7 7. h4 0-0 8. h5 c6 9. d4 e5 10. Be3 Qc7 11. Qd2 exd4 12. cxd4 Rd8 13. Rd1 Be6 14. Nf3 c5 15. hxg6 hxg6 16. Bh6 Bh8 17. Bf4 Qb6 18. Rxh8+ Kxh8 19. Be5+ Kg8 20. Qh6 1-0

[Event "BCF-chT2 1718 (4NCL) Promotion pool"]
[Site "England"]
[Date "2018.05.07"]
[Round "11.11"]
[White "Walker, David John"]
[Black "Lupulescu, Constantin"]
[Result "0-1"]
[WhiteElo "2285"]
[BlackElo "2621"]
[PlyCount "88"]
[EventDate "2017.11.11"]
[EventType "team-tourn"]
[EventRounds "11"]
[EventCountry "ENG"]
[SourceTitle "EXT 2020"]
[Source "ChessBase"]
[SourceDate "2019.10.17"]
[SourceVersion "1"]
[SourceVersionDate "2019.10.17"]
[SourceQuality "1"]
[WhiteTeam "North East England"]
[BlackTeam "Manx Liberty"]
[WhiteTeamCountry "ENG"]
[BlackTeamCountry "ENG"]

1. c4 Nf6 2. Nf3 e6 3. g3 d5 4. Bg2 d4 5. 0-0 c5 6. e3 Nc6 7. exd4 cxd4 8. d3 h6 9. Re1 Bd6 10. b3 0-0 11. Ba3 e5 12. Bxd6 Qxd6 13. a3 a5 14. Qc2 Bf5 15. c5 Qc7 16. Nbd2 Rad8 17. Nc4 Nd7 18. Rac1 Qb8 19. Qb1 Nxc5 20. Ncxe5 Nxe5 21. Nxe5 Qd6 22. b4 axb4 23. axb4 Na4 24. Nc4 Qb8 25. Re5 Bg6 26. f4 Nc3 27. Qc2 f6 28. Ree1 Rfe8 29. Bh3 Bf7 30. Bf1 Qc7 31. Qf2 Re7 32. Nd2 Qd6 33. Nb1 Rxe1 34. Qxe1 Nd5 35. b5 Re8 36. Qf2 Ne3 37. Nd2 Bd5 38. Re1 Qc5 39. Nc4 Kf8 40. b6 Bxc4 41. dxc4 Nxf1 42. Rxe8+ Kxe8 43. Qxf1 d3+ 44. Qf2 Qxc4 0-1

[Event "Doncaster 4NCL op-A 18th"]
[Site "Doncaster"]
[Date "2018.04.15"]
[Round "5"]
[White "Walker, David John"]
[Black "Mazek, Marek"]
[Result "1-0"]
[WhiteElo "2285"]
[BlackElo "2067"]
[PlyCount "67"]
[EventDate "2018.04.13"]
[EventType "swiss"]
[EventRounds "5"]
[EventCountry "ENG"]
[SourceTitle "CBM 184 Extra"]
[Source "ChessBase"]
[SourceDate "2018.06.28"]
[SourceVersion "1"]
[SourceVersionDate "2018.06.28"]
[SourceQuality "1"]

1. c4 Nf6 2. Nc3 e6 3. Nf3 d5 4. d4 c6 5. Qb3 a6 6. Bg5 Be7 7. e3 0-0 8. Be2 Nbd7 9. 0-0 b5 10. c5 e5 11. dxe5 Ng4 12. Bf4 Nxc5 13. Qc2 Ne6 14. Nd4 Nxf4 15. Bxg4 Bxg4 16. Nxc6 Ne2+ 17. Nxe2 Qc7 18. Ned4 Rac8 19. h3 Bh5 20. Qb3 Qd7 21. Qxd5 Rfd8 22. Qxd7 Rxd7 23. Rac1 Re8 24. f4 h6 25. f5 Bg5 26. Kf2 g6 27. f6 Kh7 28. g4 Rxd4 29. exd4 Bxc1 30. Rxc1 g5 31. gxh5 a5 32. d5 b4 33. d6 b3 34. d7 1-0

[Event "Blackpool op 42nd"]
[Site "Blackpool"]
[Date "2018.03.11"]
[Round "4"]
[White "Walker, David John"]
[Black "Hebden, Mark"]
[Result "1/2-1/2"]
[WhiteElo "2285"]
[BlackElo "2454"]
[PlyCount "112"]
[EventDate "2018.03.09"]
[EventType "swiss"]
[EventRounds "5"]
[EventCountry "ENG"]
[SourceTitle "CBM 183 Extra"]
[Source "ChessBase"]
[SourceDate "2018.04.19"]
[SourceVersion "1"]
[SourceVersionDate "2018.04.19"]
[SourceQuality "1"]

1. c4 g6 2. g3 Bg7 3. Bg2 Nf6 4. Nc3 0-0 5. e4 c5 6. Nge2 Nc6 7. 0-0 d6 8. d3 a6 9. a4 Bd7 10. h3 Ne8 11. Be3 e5 12. Rb1 Nc7 13. f4 exf4 14. gxf4 Qh4 15. Kh2 Rad8 16. d4 cxd4 17. Nxd4 Nxd4 18. Bxd4 Bh6 19. Be3 Bc6 20. Qg4 Qe7 21. Rbe1 b5 22. axb5 axb5 23. cxb5 Nxb5 24. Nd5 Bxd5 25. exd5 Qf6 26. f5 Qe5+ 27. Bf4 Bxf4+ 28. Qxf4 Qxf4+ 29. Rxf4 Rc8 30. Rb4 Rc5 31. Re7 Nc7 32. Rd7 Nxd5 33. Bxd5 Rxd5 34. fxg6 hxg6 35. Rbb7 Kg7 36. b4 g5 37. b5 Rd2+ 38. Kg3 Rd3+ 39. Kg2 Kg6 40. Rb6 f6 41. Rdxd6 Rb3 42. Rdc6 Rf7 43. Rd6 Rb4 44. Kg3 Rf4 45. Rbc6 Ra7 46. Ra6 Rb7 47. Rab6 Rxb6 48. Rxb6 Rb4 49. Rb8 Rb3+ 50. Kg2 Kf5 51. Rb6 Ke5 52. Kh2 f5 53. Rg6 Rb2+ 54. Kg1 Rxb5 55. Rxg5 Ke4 56. Rg3 Rb1+ 1/2-1/2

[Event "BCF-chT2b 1718 (4NCL)"]
[Site "England"]
[Date "2017.11.11"]
[Round "1.51"]
[White "Walker, David John"]
[Black "Jones, Steven"]
[Result "1-0"]
[WhiteElo "2284"]
[BlackElo "2168"]
[PlyCount "61"]
[EventDate "2017.11.11"]
[EventType "team-tourn"]
[EventRounds "7"]
[EventCountry "ENG"]
[SourceTitle "EXT 2020"]
[Source "ChessBase"]
[SourceDate "2019.10.17"]
[SourceVersion "1"]
[SourceVersionDate "2019.10.17"]
[SourceQuality "1"]
[WhiteTeam "North East England"]
[BlackTeam "West is Best II"]
[WhiteTeamCountry "ENG"]
[BlackTeamCountry "WLS"]

1. c4 Nf6 2. g3 e5 3. Bg2 c6 4. d4 exd4 5. Qxd4 Na6 6. Nf3 Bc5 7. Qe5+ Be7 8. 0-0 0-0 9. Nc3 Re8 10. Qd4 Bc5 11. Qd3 d5 12. cxd5 Nxd5 13. Nxd5 Qxd5 14. Qxd5 cxd5 15. e3 Bf5 16. Bd2 Rac8 17. Rfc1 Be4 18. a3 Be7 19. Rxc8 Rxc8 20. Nd4 Bf6 21. Bc3 Nc5 22. Nb5 Bxc3 23. Nxc3 Bxg2 24. Kxg2 Nd3 25. Rd1 Nxb2 26. Rxd5 h6 27. Ne4 Rc7 28. Nc5 Nc4 29. Rd8+ Kh7 30. Nd7 g6 31. Nf6+ 1-0

[Event "BCF-chT1d 1617 (4NCL) Demotion pool"]
[Site "England"]
[Date "2017.04.29"]
[Round "9.51"]
[White "Gormally, Daniel"]
[Black "Walker, David John"]
[Result "1/2-1/2"]
[WhiteElo "2498"]
[BlackElo "2289"]
[PlyCount "33"]
[EventDate "2016.11.19"]
[EventType "team-tourn"]
[EventRounds "4"]
[EventCountry "ENG"]
[SourceTitle "EXT 2018"]
[Source "ChessBase"]
[SourceDate "2017.10.13"]
[SourceVersion "1"]
[SourceVersionDate "2017.10.13"]
[SourceQuality "1"]
[WhiteTeam "Blackthorne Russia"]
[BlackTeam "North East England"]
[WhiteTeamCountry "ENG"]
[BlackTeamCountry "ENG"]

1. Nf3 Nf6 2. d4 e6 3. c4 d5 4. g3 Bb4+ 5. Nc3 dxc4 6. Bg2 Nc6 7. a3 Bd6 8. Qa4 0-0 9. 0-0 e5 10. dxe5 Nxe5 11. Nxe5 Bxe5 12. Rd1 Qe7 13. Qxc4 c6 14. Be3 Be6 15. Qc5 Qxc5 16. Bxc5 Rfe8 17. Rac1 1/2-1/2

[Event "Newcastle on Tyne op"]
[Site "Newcastle on Tyne"]
[Date "2017.04.14"]
[Round "1"]
[White "Walker, David John"]
[Black "Garnett, John S"]
[Result "1/2-1/2"]
[WhiteElo "2294"]
[BlackElo "1973"]
[PlyCount "108"]
[EventDate "2017.04.14"]
[EventType "swiss"]
[EventRounds "5"]
[EventCountry "ENG"]
[SourceTitle "EXT 2018"]
[Source "ChessBase"]
[SourceDate "2017.10.13"]
[SourceVersion "1"]
[SourceVersionDate "2017.10.13"]
[SourceQuality "1"]

1. Nf3 Nf6 2. c4 g6 3. Nc3 Bg7 4. e4 c5 5. d4 cxd4 6. Nxd4 Nc6 7. Be3 0-0 8. Be2 d6 9. 0-0 Bd7 10. Rc1 Nxd4 11. Bxd4 Bc6 12. f3 Qd7 13. b4 b6 14. b5 Bb7 15. Qd2 Rfc8 16. Rfd1 Qd8 17. Be3 Nd7 18. Nd5 Bxd5 19. cxd5 Rxc1 20. Rxc1 Rc8 21. Rc6 Ne5 22. Rc2 Nd7 23. Qc1 Rxc2 24. Qxc2 Nc5 25. a4 Qd7 26. Bd3 Nxd3 27. Qxd3 Qc7 28. Kf2 Qc3 29. Qxc3 Bxc3 30. Ke2 Kf8 31. Kd3 Bb4 32. f4 Bc5 33. Bd2 e6 34. Kc4 Ke7 35. g4 f6 36. dxe6 Kxe6 37. a5 f5 38. exf5+ gxf5 39. gxf5+ Kxf5 40. Kd5 bxa5 41. Bxa5 Kxf4 42. Bc7 Kg4 43. Bxd6 Bg1 44. Kc6 h5 45. Kb7 h4 46. Bb8 Kh3 47. Ka6 Bxh2 48. Bxh2 Kxh2 49. Kxa7 h3 50. b6 Kg1 51. b7 h2 52. b8Q h1Q 53. Qb1+ Kg2 54. Qxh1+ Kxh1 1/2-1/2

[Event "BCF-chT1b 1617 (4NCL)"]
[Site "England"]
[Date "2017.01.14"]
[Round "3.81"]
[White "Walker, David John"]
[Black "Ghasi, Ameet K"]
[Result "1/2-1/2"]
[WhiteElo "2289"]
[BlackElo "2455"]
[PlyCount "139"]
[EventDate "2016.11.19"]
[EventType "team-tourn"]
[EventRounds "7"]
[EventCountry "ENG"]
[SourceTitle "EXT 2018"]
[Source "ChessBase"]
[SourceDate "2017.10.13"]
[SourceVersion "1"]
[SourceVersionDate "2017.10.13"]
[SourceQuality "1"]
[WhiteTeam "North East England"]
[BlackTeam "Grantham Sharks"]
[WhiteTeamCountry "ENG"]
[BlackTeamCountry "ENG"]

1. c4 g6 2. g3 Bg7 3. Bg2 Nf6 4. Nc3 0-0 5. e4 c5 6. Nge2 Nc6 7. 0-0 d6 8. d3 a6 9. a4 Bd7 10. h3 Ne8 11. Be3 Nd4 12. Rb1 Nc7 13. b4 b6 14. f4 Nc6 15. b5 axb5 16. Nxb5 Na6 17. Bd2 Nd4 18. Kh2 Nxe2 19. Qxe2 Bxb5 20. cxb5 Nc7 21. a5 e5 22. f5 Qd7 23. Qd1 bxa5 24. b6 Na6 25. Bxa5 Nb8 26. Bc3 Nc6 27. Rf2 Rab8 28. Qa4 Bh6 29. Re2 Rb7 30. h4 g5 31. Bd2 f6 32. Bh3 Nd4 33. Qxd7 Rxd7 34. Rf2 Rb7 35. Be3 Nc6 36. hxg5 Bxg5 37. Bxg5 fxg5 38. f6 Kf7 39. Bg4 Nb4 40. Bh5+ Kg8 41. Rf5 h6 42. f7+ Kg7 43. Rbf1 Nxd3 44. Kh3 Rxb6 45. Kg4 Rb4 46. Rf6 Nf4 47. Rxd6 Nxh5 48. Kxh5 Rxf7 49. Rg6+ Kf8 50. Rxf7+ Kxf7 51. Rxh6 Rxe4 52. Kxg5 c4 53. Kf5 Re3 54. Rh7+ Ke8 55. Rc7 c3 56. g4 Kd8 57. Rc4 Kd7 58. g5 Kd6 59. g6 Rg3 60. g7 Rxg7 61. Rxc3 Rf7+ 62. Ke4 Rf4+ 63. Ke3 Kd5 64. Rd3+ Ke6 65. Rd8 Kf5 66. Rf8+ Kg4 67. Rg8+ Kf5 68. Rf8+ Ke6 69. Rxf4 exf4+ 70. Kxf4 1/2-1/2